Elvis Presley Filmography - Statistics

General Stats
  • This quiz has been taken 106 times
    15 since last reset
  • The average score is 22 of 150
Answer Stats
Type Year Name % Correct
Film 1957 Jailhouse Rock
100%
Documentary 2009 Elvis: Love Me Tender - The Love Songs
86%
Film 1956 Love Me Tender
86%
Film 1960 G.I. Blues
79%
Film 1958 King Creole
79%
Film 1957 Loving You
71%
TV Special 1968 Singer Presents...Elvis
71%
Film 1961 Blue Hawaii
64%
Film 1969 Charro!
64%
TV Documentary 2007 Elvis: Viva Las Vegas
64%
Film 1962 Girls! Girls! Girls!
64%
Film 1964 KISƧIN' COUSINS
64%
Film 1964 Viva Las Vegas
64%
Film 1962 Kid Galahad
57%
Film 1964 Roustabout
57%
Film 1968 Speedway
57%
TV Show 1956, 1957 The Ed Sullivan Show
57%
Concert Film 1973 Aloha from Hawaii Via Satellite
50%
Film 1969 Change of Habit
50%
Film 1967 Clambake
50%
Film 1960 Flaming Star
50%
Film 1963 It Happened at the World's Fair
50%
Film 1967 Double Trouble
43%
Film 1962 Follow That Dream
43%
Film 1966 Frankie and Johnny
43%
Film 1965 Harum Scarum
43%
Film 1968 Live a Little, Love a Little
43%
Film 1968 Stay Away, Joe
43%
Film 1967 Easy Come, Easy Go
36%
Film 1963 Fun in Acapulco
36%
Film 1965 Girl Happy
36%
Film 1966 Paradise, Hawaiian Style
36%
Film 1969 The Trouble with Girls (and How to Get into It)
36%
Film 1965 Tickle Me
36%
TV Special 1977 Elvis in Concert
29%
Documentary 1972 Elvis on Tour
29%
Film 1966 Spinout
29%
TV Show 1956 Texaco Star Theatre
29%
Documentary 1981 This Is Elvis
29%
Film 1961 Wild in the Country
29%
Documentary 1970 Elvis: That's the Way It Is
21%
TV Special 1960 The Frank Sinatra Timex Show: Welcome Home Elvis
21%
TV Show 1956 The Steve Allen Show
21%
TV Film 1955 Louisiana Hayride
14%
TV Show 1960 The Frank Sinatra Show
14%
Radio Series 1954-1956 The Louisiana Hayride
14%
TV Documentary 1987 Elvis '56
7%
Concert Film 2007 Elvis Lives: The 25th Anniversary Concert, 'Live' from Memphis
7%
Documentary 1984 Elvis Presley's Graceland
7%
Documentary 2018 Elvis Presley: The Searcher
7%
TV Show 1956 Stage Show
7%
Documentary 2002 The Definitive Elvis: Elvis and the Colonel
7%
Radio Series 1955 The Grand Ole Opry
7%
TV Show 1959, 1960 Bandstand
0%
Documentary 2002 Early Elvis: From Country Boy to King of Rock and Roll
0%
Documentary 2007 Elvis: #1 Hit Performances
0%
Documentary 2004 Elvis: 50 Years in Show Business
0%
TV Documentary 1984 Elvis 85
0%
Documentary 2007 Elvis: A Generous Heart
0%
Documentary 2002 Elvis & June: A Love Story
0%
Documentary 2018 Elvis & the Memphis Mafia
0%
TV Documentary 2021 Elvis and the USS Arizona
0%
Documentary 2002 Elvis at the Movies
0%
Documentary 2002 Elvis: Behind the Image
0%
Documentary 2003 Elvis: Behind the Image - Volume 2
0%
Documentary 2006 Elvis: Broadcasting Live
0%
TV Documentary 2005 Elvis by the Presleys
0%
Documentary 1997 Elvis: Death of a Legend
0%
TV Documentary 1978 Elvis - Ein Amerikanischer Tod
0%
Documentary 1997 Elvis: From the Waist Up
0%
TV Documentary 1980 Elvis - He Touched Their Lives
0%
Documentary 2002 Elvis: His Best Friend Remembers
0%
TV Documentary 1993 Elvis: His Life and Times
0%
Documentary 2015 Elvis Home Movies
0%
Concert Film 1982 Elvis in Hawaii in Colour
0%
Documentary 1993 Elvis in Hollywood
0%
Concert Film 2010 Elvis in Las Vegas
0%
Documentary 1990 Elvis in the Movies
0%
Documentary 1985 Elvis: Memories
0%
Documentary 2007 Elvis: Memories of the King
0%
TV Special 1985 Elvis: One Night with You
0%
TV Documentary 2007 Elvis-O-Rama
0%
Short TV Documentary 2003 Elvis Presley and Hal Wallis
0%
Documentary 2006 Elvis Presley and Johnny Cash: The Road Show
0%
TV Documentary 1980 Elvis Presley - Die Frühen Jahre
0%
Documentary 2004 Elvis Presley: From the Beginning to the End
0%
Documentary 2002 Elvis Presley: His Early Performances
0%
Documentary 2012 Elvis Presley: In the Movies
0%
Documentary 2006 Elvis Presley: Paternity Suit
0%
Documentary 2025 Elvis Presley: Shook Up
0%
Documentary 2003 Elvis Presley: The Back Story, Vol. 1
0%
Documentary 2003 Elvis Presley: The Back Story, Vol. 2
0%
Documentary 2004 Elvis Presley: The Golden Years
0%
Documentary 2002 Elvis: Rare Moments with the King
0%
Documentary 2008 Elvis: Return to Tupelo
0%
Documentary 2011 Elvis: Summer of '56
0%
Documentary 2003 Elvis: The Beginning
0%
Documentary 2004 Elvis: The Birth of Rock n' Roll
0%
Documentary 2003 Elvis, the Colonel & Me
0%
Documentary 1996 Elvis: The Complete Story
0%
Documentary 1986 Elvis: The Echo Will Never Die
0%
Documentary 2006 Elvis: The Ed Sullivan Shows
0%
Documentary 2002 Elvis: The Final Chapter
0%
Documentary 2018 Elvis: The Final Hours
0%
Documentary 1990 Elvis: The Great Performances - Center Stage, Volume One
0%
Documentary 1990 Elvis: The Great Performances, Vol. 2 - The Man and the Music
0%
Documentary 1997 Elvis: The Great Performances, Vol. 3 - From the Waist Up
0%
TV Documentary 2003 Elvis: The Journey
0%
TV Documentary 2005 Elvis: The Last 24 Hours
0%
Documentary 1992 Elvis: The Lost Performances
0%
TV Documentary 2020 Elvis: The Man That Rocked the World
0%
Documentary 2005 Elvis: The Memphis Flash
0%
Documentary 2019 Elvis: The Men Who Knew Him Best
0%
Documentary 2001 Elvis: The Missing Years
0%
Documentary 2020 Elvis: The Other Side
0%
Documentary 2017 Elvis: The Rebirth of the King
0%
TV Documentary 1994 Elvis: The Tribute
0%
Documentary 2022 Elvis: Tortured Soul
0%
TV Documentary 1995 Elvis: Touch the Dream, a New Generation
0%
TV Documentary 2017 Elvis und das Mädchen aus Wein
0%
Documentary 2007 Elvis - Up Close and Personal
0%
Documentary 2012 Elvis What If?
0%
TV Documentary 1985 Hallo Elvis
0%
Documentary 2000 He Touched Me: The Gospel Music of Elvis Presley
0%
TV Show 1956 Hy Gardner Calling
0%
TV Documentary 2015 Joanna Lumley: Elvis and Me
0%
Short Documentary 1988 Life with Elvis
0%
Commercial 1957 March of Dimes
0%
Short Documentary 1984 Mondo Elvis
0%
TV Documentary 1980 Nashville Remembers Elvis on His Birthday
0%
Documentary 2023 Reinventing Elvis: The '68 Comeback
0%
Documentary 1998 Remembering Elvis
0%
Documentary 2024 Return of the King: The Fall and Rise of Elvis Presley
0%
TV Show 1956 Teenage Dance Party
0%
TV Documentary 1996 The Burger & the King: The Life & Cuisine of Elvis Presley
0%
Documentary 2002 The Definitive Elvis: Elvis and Priscilla
0%
Documentary 2002 The Definitive Elvis: The Army Years
0%
Documentary 2002 The Definitive Elvis: The Hollywood Years - Part I: 1956-1961
0%
Documentary 2002 The Definitive Elvis: The Hollywood Years - Part II: 1962-1969
0%
Short Documentary 2002 The Definitive Elvis: The Memphis Years
0%
Documentary 2002 The Definitive Elvis: The Television Years
0%
Documentary 1990 The Elvis Files
0%
Documentary 1994 The Elvis I Knew
0%
TV Documentary 2013 The Nation's Favourite Elvis Song
0%
TV Documentary 2002 There's Only One Elvis
0%
Documentary 1977 The Story of Elvis Presley
0%
Documentary 2002 The Sun Days with Elvis
0%
TV Show 1964-1975 Top of the Pops
0%
Documentary 1994 Why Elvis?
0%
TV Documentary 2007 Young Elvis in Colour
0%
No matching quizzes found
Score Distribution
Percent of People with Each Score
Percentile by Number Answered
Your Score History
You have not taken this quiz since the last reset